Logo BPK

Bibliografia Prac Pracowników

Politechniki Koszalińskiej

Logistyka międzynarodowa / (Rekord nr 565)

Szczegóły MARC
000 -ETYKIETA REKORDU
podpole kontrolne o stałej długości 01105naa a2200205 i 4500
001 - NUMER KONTROLNY REKORDU
podpole kontrolne 565
003 - IDENTYFIKATOR NUMERU KONTROLNEGO REKORDU
podpole kontrolne KOSZ 005
005 - DATA OSTATNIEJ MODYFIKACJI REKORDU
podpole kontrolne 20171214104408.0
008 - POLE O STAŁEJ DŁUGOŚCI - DANE KONTROLNE
podpole kontrolne o stałej długości 150421s2004 pl f |000 0 pol
040 ## - ŹRÓDŁO KATALOGOWANIA
Instytucja, która utworzyła rekord BPK
Instytucja, która dokonała modyfikacji KOSZ 005/EG
080 ## - UNIWERSALNA KLASYFIKACJA DZIESIĘTNA - UKD
UKD 65.011
100 1# - NAZWA OSOBOWA
Nazwa osobowa MICHALSKI, Eugeniusz.
Lata pracy 1997 - .
Instytucja Politechnika Koszalińska - Wydział Ekonomii i Zarządzania,
Wydział Katedra Zarządzania
245 10 - TYTUŁ/ODPOWIEDZIALNOŚĆ
Tytuł Logistyka międzynarodowa /
Pozostałe elementy strefy tytułu i oznaczenia odpowiedzialności Eugeniusz Michalski.
500 ## - UWAGI OGÓLNE
Tekst uwagi Dane z autopsji.
520 ## - UWAGA DOTYCZĄCA TREŚCI DOKUMENTU
Analiza dokumentacyjna, adnotacja itp. Logistyka międzynarodowa jest procesem zarządzania całym łańcuchem dostaw, rozumianym jako sekwencja czynności powodujących przepływ produktu od źródła jego pochodzenia, poprzez składowanie, aż do zakupu go przez nabywcę za granicą.
650 #0 - HASŁO PRZEDMIOTOWE W FORMIE NAZWY OGÓLNEJ LUB JEDNOSTKOWEJ
Nazwa ogólna lub geograficzna Logistyka.
650 #0 - HASŁO PRZEDMIOTOWE W FORMIE NAZWY OGÓLNEJ LUB JEDNOSTKOWEJ
Nazwa ogólna lub geograficzna Przedsiębiorstwo - organizacja.
773 0# - TYTUŁ DOKUMENTU MACIERZYSTEGO
Wyrażenie wprowadzające W :
Tytuł Teoria i praktyka modelowania systemów logistycznych / red. nauk. Irena K. Hejduk. -
Adres wydawniczy Koszalin : Wydaw. Uczelniane Politechniki Koszalińskiej, 2004. -
Informacje dotyczące relacji s. 23-34
Strefa serii Monografia Wydziału Ekonomii i Zarządzania / Politechnika Koszalińska ; nr 99
942 ## - HASŁO DODATKOWE - ELEMENTY(KOHA)
Typ dokumentu Rozdział
Schemat klasyfikacji Uniwersalna klasyfikacja dziesiętna
Egzemplarze
Wycofany Zagubiony Uszkodzony Dostępność Lokalizacja stała Lokalizacja bieżąca Sygnatura Typ dokumentu
      Dostępny Bibliografia Prac Pracowników - BPK Bibliografia Prac Pracowników - BPK 72063 Rozdział
© 2014 Biblioteka Politechniki Koszalińskiej :: BIBLIOGRAFIA PRAC PRACOWNIKÓW